000 00560nam a2200229Ia 4500
003 OSt
005 20221005123414.0
006 a|||||r|||| 00| 0
007 ta
008 221004b |||||||| |||| 00| 0 eng d
024 _a66593
037 _cTextual
040 _aCRL
_cCRL
_beng
041 _2eng
_aeng
082 _aV52:5:D0, G5-;1
100 _aBailey Cyril Ed.
_9633635
245 0 _aLegacy of Rome
260 _c1935
650 _aHISTORY
942 _hV52:5:D0, G5-;1
_cTEXL
_2cc
999 _c1047325
_d1047325